=LDR 00000nam 2200000 4500 =001 INLIS000000000036041 =005 20130612141840 =008 ***********************************ind** =035 ##$$0010-061300000036041 =041 ##$$a ind =082 ##$$a 621.384.131 =100 ##$$a irawan, A.W.Drs =245 ##$$a bikin sendiri radio intercome =260 ##$$b cahaya grafika semarang =300 ##$$a 15 =850 ##$$a NBPNMAT